Noções elementares de direito tributário / (Record no. 425)

MARC details
000 -LÍDER
Campo Fixo de Controle 00641nam a2200229 a 4500
001 - NÚMERO DE CONTROLE
Campo de Controle 425
003 - IDENTIFICAÇÃO DO NÚMERO DE CONTROLE
Campo de Controle BR-CuiBMT
005 - DATA E HORA DA ÚLTIMA ATUALIZAÇÃO
Campo de Controle 20231106195035.0
008 - DADOS FIXOS
Dados Fixos 231106s2005 spb 001 0 por d
020 ## - INTERNATIONAL STANDARD BOOK NUMBER
Nº do ISBN 8576740893
040 ## - AGÊNCIA CATALOGADORA
Código da Agência Catalogadora BR-CuiBMT
Agência que transcreveu o registro BR-CuiBMT
080 ## - Nº DA CLASSIFICAÇÃO DECIMAL UNIVERSAL
Nº edição CDU 2007
Nº Class. CDU 34:336.2
090 ## - NÚMERO DE CHAMADA
Nº classificação 34:336.2
Cutter M477n
100 1# - ENTRADA PRINCIPAL -- AUTOR PESSOAL
Nome pessoal Mazza, Alexandre
245 ## - TÍTULO PRINCIPAL
Título principal Noções elementares de direito tributário /
Indicação de responsabilidade Alexandre Mazza.
260 ## - PUBLICAÇÃO, DISTRIBUIÇÃO, ETC.
Local de publicação São Paulo :
Editora Quartier,
Data 2005.
300 ## - DESCRIÇÃO FÍSICA
N. páginas ou volumes 160 p. :
Dimensões 22 cm
504 ## - NOTA DE BIBLIOGRAFIA, ETC.
Nota de bibliografia Inclui bibliografia e índice.
650 ## - ASSUNTO TÓPICO
Cabeçalho tópico ou nome geográfico Direito tributário
650 ## - ASSUNTO TÓPICO
Cabeçalho tópico ou nome geográfico Administração tributária
942 ## - ELEMENTOS DE ENTRADA ADICIONAIS (KOHA)
Fonte de classificação ou esquema de arquivamento Classificação Decimal Universal
Tipo de item do Koha Livros
Holdings
Estado: removido Estado: perdido Fonte de classificação ou esquema de arquivamento Estado: danificado Indisponível para empréstimo Localização permanente Localização atual Data de aquisição Total Checkouts Número de Chamada completo Código de barras Date last seen Número do exemplar Preço efetivo a partir de Tipo de item (Koha)
    Classificação Decimal Universal     Biblioteca da Escola Superior de Contas do TCE/MT Biblioteca da Escola Superior de Contas do TCE/MT 02/04/2013   34:336.2 M477n BIBTCEMT23110157 06/11/2023 Ex. 1 06/11/2023 Livros

Powered by Koha